| 000 | 00770nam a22002177a 4500 | ||
|---|---|---|---|
| 999 |
_c3224 _d3224 |
||
| 003 | AR-CdUCM | ||
| 008 | 190306b ||||| |||| 00| 0 spa d | ||
| 040 |
_aMUNICIPALIDAD PROVINCIAL DEL CUSCO _cBIBLIOTECA MUNICIPAL DEL CUSCO |
||
| 082 |
_a869.561 / _bAL39 |
||
| 100 |
_aAlegría, Ciro _9807 |
||
| 245 | _aLa serpiente de oro / | ||
| 260 |
_aLima : _bPeisa, _c1973. |
||
| 300 |
_a201 paginas ; _c16 cm. |
||
| 505 | _aContenido : El rió, los hombres y las balsas -- El relato del viejo Matias -- Lucindas y florindas -- Ande, selva y rió -- El relato del cholo Arturo ... | ||
| 650 |
_aLiteratura peruana _9169 |
||
| 650 |
_aNovela peruana _91234 |
||
| 650 |
_aGenero narrativa _910797 |
||
| 650 |
_aSiglo XX _98 |
||
| 942 |
_2ddc _cLIBROS |
||
| 945 |
_apjha _d2019-05-03 |
||